000 00665cam a2200241 a 4500
001 12149
003 BD-RjUL
005 20211208235237.0
008 140128s1966 enka 001 0 eng d
035 _a(BD-RjUL)12198
040 _aDLC
_cDLC
_dUKM
_dEQO
_beng
041 _aeng
082 _a621.3
_bHIA 1966
100 1 _aHirst, A. W.
_q(Allan William)
_937617
245 1 0 _aApplied electricity /
_c[by] A.W. Hirst.
250 _a4th ed.
260 _aLondon ;
_aGlasgow :
_bBlackie,
_c1966.
300 _axiii, 439 p. :
_bill. ;
_c23 cm.
504 _aIncludes index
650 0 _aElectrical engineering.
_937618
942 _2ddc
_cBK
999 _c12149
_d12149